Lenguajes de programación : principios y práctica /

Contenido: 1. Introducción; 2. Historia; 3. Principios de diseño de los lenguajes; 4. Sintaxis; 5. Semántica básica; 6. Tipos de datos; 7. Control I: expresiones y significados; 8. Control II: procedimientos y ambientes; 9. Tipos de datos abstractos y módulos; 10. Programación orientada a objetos; 1...

Descripció completa

Guardat en:
Dades bibliogràfiques
Autor principal: Louden, Kenneth C. (autor)
Format: Llibre
Idioma:espanyol
Publicat: México : Thomson, 2004, c2004
Matèries:
Etiquetes: Afegir etiqueta
Sense etiquetes, Sigues el primer a etiquetar aquest registre!

MARC

LEADER 00000nam^a2200000^a^4500
001 000274958
005 20250521000000.0
009 20260310111217.978
020 |a 970-686-284-6 
037 |a Acervo ITESO - Biblioteca 
041 |a ESP 
082 |a 005. 13  |b LOU 
100 |a Louden, Kenneth C.  |e (autor) 
245 1 0 |a Lenguajes de programación :  |b principios y práctica /  |c K.C. Louden ; tr. por Gabriel Sánchez García. 
264 4 |a México :  |b Thomson,  |c 2004, c2004 
300 |a XVI, 633 p. 
336 |a texto  |b txt  |2 rdacontenido 
337 |a sin mediación  |b n  |2 rdamedio 
338 |a volumen  |b nc  |2 rdasoporte 
500 |a Traducción de: Programming Languages: Principles and Practice 
520 |a Contenido: 1. Introducción; 2. Historia; 3. Principios de diseño de los lenguajes; 4. Sintaxis; 5. Semántica básica; 6. Tipos de datos; 7. Control I: expresiones y significados; 8. Control II: procedimientos y ambientes; 9. Tipos de datos abstractos y módulos; 10. Programación orientada a objetos; 11. Programación funcional; 12. Programación lógica; 13. Semántica formal; 14. Programación en paralelo. 
590 |a Traducción de la 2a edición en inglés 
649 |a XX 
650 |a Programación Orientada a Objetos 
650 |a Lenguajes de Programación -  |x Tema Principal 
650 |a Programación (Software) 
650 |a Desarrollo de Sistemas 
650 |a Sistemas Computacionales 
650 |a Ingeniería Computacional 
910 |a Fondo General 
920 |a Impresos - Libros 
930 |a Colección General 
905 |a 101 
901 |a 0500160177  |b IT1  |c ACC  |u 20250521 
902 |a https://opac.biblio.iteso.mx/vufind/Record/000274958